000 00986nas a2200313 4500
001 BR2012006083
003 BR-BrBNA
005 20231205121016.0
007 ta
008 230509b bl.|||p| |||| 00| 00por d
040 _aBR-BrBNA
_bpor
_cBiblioteca Nacional de Agricultura
041 _a(Pt)
072 _aJ15; E71
100 1 _aOliveira, C. de F.
100 1 _aRosa, M.J.
100 1 _aCaixeta Filho, J.V.
245 1 _aEstimativa da oferta de fertilizantes como carga de retorno no ambiente portuário brasileiro entre 2005 e 2009
650 _aLOGÍSTICA
650 _aTRANSPORTE MARÍTIMO
650 _aTRANSPORTE FLUVIAL
650 _aFERTILIZANTE
650 _aPORTO
650 _aEXPORTAÇÃO
650 _aPRODUTO
650 _aSÃO PAULO
773 0 _tInformações Econômicas - Instituto de Economia Agricola (Brazil)
_xISSN 0100-4409
_g(Sep 2010), v. 40(9) p. 45-53
_wBR2012006083
909 _a202311
_bLúcia
_c55
_dLúcia Elande
942 _2AGRIS
_n0
_cANA
999 _c221428
_d221428